000 00794nam a2200181Ia 4500
008 100920s9999 xx 000 0 und d
082 _b18728
_a320 थ 68
100 _aअनु. वळसंगकर कृ. ना. /वॉटकिन्स फे्रडरिक एम्र
245 _aध्येयवादी विचारसरणींचे युग.
260 _bमॅजेस्टिक बुक स्टॉल, मुंबई.
_c1968
300 _a136
_bसाधी
365 _b5
520 _aराजकारण.
630 _aध्येयवादी विचारसरणींचे युग.
650 _aराजकारण.
730 _aध्येयवादी विचारसरणींचे युग.
942 _cBOOK
999 _c680227
_d680224